000 00813nam a2200193Ii 4500
003 JO-AjNU
008 230605s9999||||xx |||||||||||||| ||und||
040 _aJO-AjNU
_bara
_erda
_cJO-AjNU
041 _aara
050 1 4 _aPJ6142 1989
100 3 _a الفراء، أبي زكريا يحيى بن زياد 144-207 هجري؛ تحقيق وتقديم وتعليق رمضان عبد التواب,
_eauthor
_919118
245 0 0 _aالمذكر والمؤنث لأبي زكريا يحيى بن زياد الفراء 144-207 هجري
264 3 1 _aالقاهرة: مكتبة التراث، 1989
300 _a148ص
336 _atext
_btxt
_2rdacontent
337 _aunmediated
_bn
_2rdamedia
338 _avolume
_bnc
_2rdacarrier
650 4 _a المذكر والمؤنث - اللغة العربية - قواعد
_919119
999 _aA6242
_c9810
_d9810